000 00425nam a2200157Ia 4500
008 240729s9999 xx 000 0 und d
022 _a2667-193X
245 4 _aThe Lancet Regional Health. Americas
260 _aUnited Kingdom
260 _bElsevier
650 _a Public aspects of medicine
650 _aMedicine
856 _uhttps://doaj.org/toc/f86ab37c07eb4fdc9e91145a3ba0091f
942 _2ddc
942 _cDOAJEJ
999 _c69529
_d69529
945 _a1
_bMadushi Gamage
_c1
_dMadushi Gamage